Keski-Pohjanmaan urheiluseuroja - Statistics

Yleistilastot
  • Tätä visaa on pelattu 22 kertaa
  • Keskiarvotulos 5 / 8
Vastaustilastot
Kuvavisa Hint Vastaus % Oikein
Mestis Kokkolan Hermes
89%
M Ykkönen Kokkolan Pallo-Veikot
89%
M Ykköspesis Kannuksen Ura
83%
yleisseura Vetelin Urheilijat
83%
M Mestaruusliiga Kokkolan Tiikerit
72%
M Kakkonen Gamlakarleby BK
50%
pesäpallo Halsuan Toivo
44%
pyöräily Kälviän Tarmo
28%
Ehtoja vastaavia visoja ei löytynyt
Tulosjakauma
Jokaisen tuloksen saaneiden osuus
Persentiili vastausten määrän mukaan
Tuloshistoriasi
Et ole pelannut tätä visaa